Word Ladder: Papal Homeland Quiz Stats

 Plays Quiz Updated Jul 18, 2018

Challenge
Share
Tweet
Embed
Score 0/13 Timer 01:30
3 Plays Today
Clue 3-Letter Answer % Correct
• A common command given to a dog •• SIT •
96.1%
Common abbreviation for a type of body art involving inkTAT
95.6%
Standardized test for admission to US collegesSAT
95.2%
Mediterranean or Red, for exampleSEA
94.4%
• A drink made from steeping leaves/herbs in hot water •• TEA •
94.3%
• Unit of pop/soda bought from a vending machine •• CAN •
93.9%
A pale brown colorTAN
93.1%
Scratchy, Tom or Grumpy, for exampleCAT
93%
Singer of 'Cheap Thrills' and 'Chandelier'SIA
91%
A type of small songbirdTIT
86.2%
• A large tub or container •• VAT •
85.2%
• Along with next rung, a type of breath mint •• TIC •
84.2%
Along with previous rung, a type of breath mintTAC
84%

Today's Daily Dose

You're not logged in!

Compare scores with friends on all Sporcle quizzes.
OR
Log In

You Might Also Like...

Show Comments

Extras

Top Quizzes Today


Score Distribution

Your Account Isn't Verified!

In order to create a playlist on Sporcle, you need to verify the email address you used during registration. Go to your Sporcle Settings to finish the process.

Report this User

Report this user for behavior that violates our Community Guidelines.

Details: